[Event "BIH-chT Cup"]
[Site "Banja Vrucica"]
[Date "2013.08.17"]
[Round "8"]
[White "Simic, Milan"]
[Black "Tonkovic, Robert"]
[Result "0-1"]
[WhiteElo "2072"]
[BlackElo "2168"]
[PlyCount "68"]
[EventDate "2013.08.10"]
[EventType "team-tourn"]
[EventRounds "9"]
[EventCountry "BIH"]
[SourceTitle "CBM 155 Extra"]
[Source "ChessBase"]
[SourceDate "2013.08.26"]
[SourceVersion "1"]
[SourceVersionDate "2013.08.26"]
[SourceQuality "1"]

1. d4 g6 2. c4 Bg7 3. Nc3 c5 4. d5 Bxc3+ 5. bxc3 f5 6. e4 d6 7. Ne2 Qa5 8. Bd2 fxe4 9. Qc2 Nf6 10. Ng3 Bf5 11. Nxf5 gxf5 12. g3 Qa6 13. f3 Nbd7 14. fxe4 fxe4 15. Bf4 0-0-0 16. Rb1 Nb6 17. Rb5 h5 18. Be2 Rdg8 19. 0-0 h4 20. Rfb1 hxg3 21. Bxg3 Kb8 22. Qb3 Ka8 23. a4 Rb8 24. Qd1 Nbd7 25. Bg4 Nxg4 26. Qxg4 Ne5 27. Qe6 Nf3+ 28. Kg2 Qxa4 29. Qxe4 Ne5 30. Bxe5 dxe5 31. d6 Qa6 32. dxe7 Rbg8+ 33. Kf2 Rxh2+ 34. Ke3 Qh6+ 0-1

[Event "BIH-chT Cup"]
[Site "Banja Vrucica"]
[Date "2013.08.10"]
[Round "1"]
[White "Simic, Milan"]
[Black "Cvijic, Nevenko"]
[Result "1/2-1/2"]
[WhiteElo "2072"]
[BlackElo "2146"]
[PlyCount "97"]
[EventDate "2013.08.10"]
[EventType "team-tourn"]
[EventRounds "9"]
[EventCountry "BIH"]
[SourceTitle "CBM 155 Extra"]
[Source "ChessBase"]
[SourceDate "2013.08.26"]
[SourceVersion "1"]
[SourceVersionDate "2013.08.26"]
[SourceQuality "1"]

1. d4 Nf6 2. c4 g6 3. Nc3 d5 4. cxd5 Nxd5 5. Bd2 Bg7 6. e4 Nb6 7. Be3 0-0 8. Nf3 Bg4 9. Be2 Bxf3 10. gxf3 Nc6 11. d5 Ne5 12. Bd4 g5 13. h4 e6 14. Rg1 h6 15. hxg5 hxg5 16. f4 Ng6 17. Bxg7 Kxg7 18. Qd4+ Qf6 19. Qxf6+ Kxf6 20. fxg5+ Ke5 21. Rd1 Rad8 22. dxe6 Rxd1+ 23. Kxd1 fxe6 24. f3 Kf4 25. Rg4+ Ke3 26. Ke1 Rh8 27. Nd1+ Kd4 28. Kf2 Nd7 29. Ne3 Nde5 30. Nc2+ Kc5 31. Rg3 Nf4 32. Ke3 Neg6 33. Ne1 e5 34. Nd3+ Kd6 35. Rg1 Rh2 36. Nxf4 exf4+ 37. Kd2 c5 38. Kd1 b5 39. a4 bxa4 40. Rg4 Ke5 41. Bb5 Rxb2 42. Bxa4 c4 43. Be8 Rb6 44. Kc2 Kd4 45. Bxg6 Rxg6 46. Rxf4 Rxg5 47. e5+ Kd5 48. Kc3 Rxe5 49. Rd4+ 1/2-1/2

[Event "Srpska Republic-chT 1st League"]
[Site "Banja Vrucica"]
[Date "2012.08.16"]
[Round "6"]
[White "Simic, Milan"]
[Black "Cvijic, Nevenko"]
[Result "1-0"]
[WhiteElo "2079"]
[BlackElo "2145"]
[PlyCount "105"]
[EventDate "2012.08.11"]
[EventType "team-tourn"]
[EventRounds "7"]
[EventCountry "BIH"]
[SourceTitle "CBM 149 Extra"]
[Source "ChessBase"]
[SourceDate "2012.08.24"]
[SourceVersion "1"]
[SourceVersionDate "2012.08.24"]
[SourceQuality "1"]
[WhiteTeam "Samac"]
[BlackTeam "Teslic Mladost"]
[WhiteTeamCountry "SRB"]
[BlackTeamCountry "SRB"]

1. d4 Nf6 2. c4 g6 3. Nc3 d5 4. cxd5 Nxd5 5. Bd2 Nb6 6. Nf3 Nc6 7. Bg5 h6 8. Bh4 Bg7 9. e3 0-0 10. Bb5 Bd7 11. 0-0 a6 12. Be2 Be6 13. b3 Nd5 14. Rc1 Nxc3 15. Rxc3 Bd5 16. Bc4 g5 17. Bg3 e6 18. Bd3 f5 19. Bb1 Rf7 20. Ne5 Nxe5 21. Bxe5 Bxe5 22. dxe5 Rd7 23. Qh5 Kg7 24. e4 Bxe4 25. Bxe4 fxe4 26. Rh3 Qh8 27. f4 Rf8 28. fxg5 Rxf1+ 29. Kxf1 Rf7+ 30. Ke2 Rf5 31. Qxh6+ Qxh6 32. gxh6+ Kh7 33. Ke3 Rg5 34. g3 Rxe5 35. g4 Rg5 36. Kf4 Rg8 37. g5 Rf8+ 38. Kxe4 c5 39. Rd3 Kg6 40. h4 Rf7 41. Rd6 Re7 42. Ke5 b5 43. Rxa6 c4 44. bxc4 bxc4 45. Rc6 Ra7 46. Rxe6+ Kh7 47. Rc6 Rxa2 48. Rc7+ Kg8 49. g6 Ra5+ 50. Kd4 Ra8 51. Kxc4 Kh8 52. Kb5 Re8 53. Kb6 1-0

[Event "Belgrade-chT"]
[Site "Belgrade"]
[Date "2009.10.09"]
[Round "6"]
[White "Simic, Milan"]
[Black "Jovanovic, Sasa T"]
[Result "1/2-1/2"]
[WhiteElo "2135"]
[BlackElo "2285"]
[PlyCount "54"]
[EventDate "2009.10.04"]
[EventType "team-tourn"]
[EventRounds "9"]
[EventCountry "YUG"]
[SourceTitle "CBM 132 Extra"]
[Source "ChessBase"]
[SourceDate "2009.11.03"]
[SourceVersion "1"]
[SourceVersionDate "2009.11.03"]
[SourceQuality "1"]

1. d4 Nf6 2. Nf3 g6 3. Bg5 Bg7 4. Nbd2 d5 5. e3 0-0 6. Bd3 c5 7. c3 cxd4 8. exd4 Nc6 9. 0-0 h6 10. Bxf6 Bxf6 11. Re1 Bg7 12. Qb3 Qd6 13. a4 e5 14. dxe5 Nxe5 15. Nxe5 Bxe5 16. Nf3 Bf6 17. Rad1 Qf4 18. Qxd5 Qxa4 19. Bxg6 Be6 20. Qe4 Bb3 21. Ra1 Qb5 22. Bf5 Bd5 23. Qf4 Bxf3 24. Qxf3 Qxb2 25. Rac1 Rfe8 26. Be4 Bg7 27. Bd5 Kh8 1/2-1/2

[Event "Belgrade-chT"]
[Site "Belgrade"]
[Date "2009.10.08"]
[Round "5"]
[White "Biocanin, Goran"]
[Black "Simic, Milan"]
[Result "1/2-1/2"]
[WhiteElo "2318"]
[BlackElo "2135"]
[PlyCount "80"]
[EventDate "2009.10.04"]
[EventType "team-tourn"]
[EventRounds "9"]
[EventCountry "YUG"]
[SourceTitle "CBM 132 Extra"]
[Source "ChessBase"]
[SourceDate "2009.11.03"]
[SourceVersion "1"]
[SourceVersionDate "2009.11.03"]
[SourceQuality "1"]

1. c4 g6 2. g3 Bg7 3. Bg2 d6 4. Nc3 e5 5. e4 Nc6 6. Nge2 f5 7. d3 Nf6 8. 0-0 0-0 9. Rb1 a5 10. h3 Be6 11. Nd5 Qd7 12. Kh2 h6 13. a3 g5 14. Nxf6+ Rxf6 15. exf5 Rxf5 16. b4 axb4 17. axb4 Raf8 18. Be3 b6 19. Qa4 Ne7 20. Qxd7 Bxd7 21. Nc3 Bc6 22. Be4 Bxe4 23. dxe4 Rf3 24. Nd5 Nxd5 25. cxd5 Ra8 26. Ra1 Rff8 27. Rfc1 Rxa1 28. Rxa1 Bf6 29. Kg2 Rf7 30. Kf1 Kf8 31. Ra7 Ke8 32. Ke2 Bd8 33. Kd3 h5 34. Ra1 Kd7 35. Ke2 Kc8 36. Rf1 Kd7 37. b5 Ke8 38. f4 gxf4 39. gxf4 exf4 40. Bxf4 Bh4 1/2-1/2

[Event "Bled op-A 25th"]
[Site "Bled"]
[Date "2008.02.26"]
[Round "5"]
[White "Kizilkaya, Mehmet"]
[Black "Simic, Milan"]
[Result "1-0"]
[WhiteElo "2240"]
[BlackElo "2140"]
[PlyCount "69"]
[EventDate "2008.02.23"]
[EventType "swiss"]
[EventRounds "9"]
[EventCountry "SLO"]
[SourceTitle "CBM 122 Extra"]
[Source "ChessBase"]
[SourceDate "2008.03.04"]
[SourceVersion "1"]
[SourceVersionDate "2008.03.04"]
[SourceQuality "1"]

1. e4 c5 2. Nc3 e6 3. g3 d5 4. exd5 exd5 5. d3 Nf6 6. Bg2 d4 7. Ne4 Be7 8. Ne2 Nc6 9. 0-0 0-0 10. Nf4 Ne5 11. Nxf6+ Bxf6 12. h3 Rb8 13. Re1 Re8 14. Bd2 Bd7 15. Nh5 Rc8 16. f4 Nc6 17. Rxe8+ Bxe8 18. Qf3 Be7 19. g4 Nb4 20. Bxb4 cxb4 21. Qxb7 Rxc2 22. g5 g6 23. Ng3 Bd6 24. Ne4 Bxf4 25. Nf6+ Kg7 26. Re1 Be3+ 27. Kh1 h6 28. Qxb4 Bc6 29. Bxc6 Rxc6 30. Qb5 Qc8 31. Ng4 Rc5 32. gxh6+ Kh7 33. Qb3 Qc7 34. Rf1 f5 35. Qe6 1-0

[Event "AUT North-ch"]
[Site "Linz"]
[Date "2001.04.14"]
[Round "9"]
[White "Freimueller, Peter"]
[Black "Simic, Milan"]
[Result "1-0"]
[WhiteElo "2033"]
[BlackElo "2176"]
[PlyCount "85"]
[EventDate "2001.04.06"]
[EventType "swiss"]
[EventRounds "9"]
[EventCountry "AUT"]
[SourceTitle "EXT 2006"]
[Source "ChessBase"]
[SourceDate "2005.11.24"]
[SourceVersion "1"]
[SourceVersionDate "2005.11.24"]
[SourceQuality "1"]

1. d4 Nf6 2. c4 g6 3. Nc3 Bg7 4. e4 d6 5. Nf3 0-0 6. Be2 Bg4 7. Be3 Nfd7 8. h3 Bxf3 9. Bxf3 Nc6 10. d5 Na5 11. Qa4 b6 12. Be2 Nb7 13. 0-0 e5 14. Qc2 f5 15. f4 exf4 16. Bxf4 g5 17. Bd2 f4 18. Bg4 Ne5 19. Be6+ Kh8 20. Ne2 Nc5 21. Bf5 a5 22. Bc3 Qe7 23. b3 Rae8 24. Nd4 h5 25. Qe2 g4 26. hxg4 hxg4 27. Rxf4 Qg5 28. g3 Rf6 29. Kg2 Rh6 30. Rh1 Rxh1 31. Kxh1 Qh6+ 32. Qh2 Qxh2+ 33. Kxh2 Ncd3 34. Rf1 a4 35. Kg2 Ra8 36. Rh1+ Kg8 37. Be6+ Kf8 38. Rf1+ Ke8 39. b4 Nxc4 40. Rf7 Be5 41. Rxc7 Ne3+ 42. Kg1 Nd1 43. Bf7+ 1-0

[Event "Linz op"]
[Site "Linz"]
[Date "1997.??.??"]
[Round "4"]
[White "Mahdy, Khaled"]
[Black "Simic, Milan"]
[Result "1-0"]
[WhiteElo "2395"]
[BlackElo "2240"]
[PlyCount "46"]
[EventDate "1997.05.17"]
[EventType "swiss"]
[EventRounds "9"]
[EventCountry "AUT"]
[SourceTitle "CBM 058 Extra"]
[Source "ChessBase"]
[SourceDate "1997.07.29"]
[SourceVersion "1"]
[SourceVersionDate "1997.07.29"]
[SourceQuality "1"]

1. e4 c5 2. Nf3 d6 3. c3 Nf6 4. Bd3 e5 5. Bc2 Bg4 6. d3 Be7 7. Nbd2 Nc6 8. h3 Bxf3 9. Qxf3 0-0 10. Nf1 Qa5 11. Bd2 Qb6 12. Rb1 Rfc8 13. Ne3 Bf8 14. g4 Qd8 15. g5 Ne8 16. h4 b5 17. Rg1 Na5 18. Ng4 g6 19. h5 c4 20. Rh1 cxd3 21. Bxd3 Nc4 22. hxg6 fxg6 23. Rxh7 Kxh7 1-0

[Event "Linz op"]
[Site "Linz"]
[Date "1997.??.??"]
[Round "6"]
[White "Simic, Milan"]
[Black "Posch, Werner"]
[Result "1/2-1/2"]
[WhiteElo "2240"]
[BlackElo "2210"]
[PlyCount "73"]
[EventDate "1997.05.17"]
[EventType "swiss"]
[EventRounds "9"]
[EventCountry "AUT"]
[SourceTitle "CBM 058 Extra"]
[Source "ChessBase"]
[SourceDate "1997.07.29"]
[SourceVersion "1"]
[SourceVersionDate "1997.07.29"]
[SourceQuality "1"]

1. d4 d5 2. c4 Bf5 3. Nc3 e6 4. cxd5 exd5 5. Qb3 Nc6 6. e4 dxe4 7. Bb5 Qxd4 8. Bxc6+ bxc6 9. Qb7 Rd8 10. Be3 Qc4 11. Nge2 Bd6 12. b3 Qb4 13. Qxc6+ Bd7 14. Qxe4+ Qxe4 15. Nxe4 Bb4+ 16. Bd2 Bxd2+ 17. Nxd2 Nf6 18. Rc1 0-0 19. 0-0 Bg4 20. Nf3 Bxf3 21. gxf3 Rd2 22. Nc3 Rfd8 23. Rfd1 g6 24. Rxd2 Rxd2 25. Ne4 Nxe4 26. fxe4 Rxa2 27. Rxc7 a5 28. Kg2 Rb2 29. Ra7 Rxb3 30. Rxa5 h5 31. h3 Kg7 32. Rc5 Kf6 33. Ra5 Rb4 34. Kf3 Rb3+ 35. Kg2 Rb1 36. Rc5 Re1 37. Kf3 1/2-1/2

[Event "Linz op"]
[Site "Linz"]
[Date "1997.??.??"]
[Round "8"]
[White "Simic, Milan"]
[Black "Rigo, Janos"]
[Result "0-1"]
[WhiteElo "2240"]
[BlackElo "2325"]
[PlyCount "96"]
[EventDate "1997.05.17"]
[EventType "swiss"]
[EventRounds "9"]
[EventCountry "AUT"]
[SourceTitle "CBM 058 Extra"]
[Source "ChessBase"]
[SourceDate "1997.07.29"]
[SourceVersion "1"]
[SourceVersionDate "1997.07.29"]
[SourceQuality "1"]

1. d4 Nf6 2. c4 e6 3. Nc3 Bb4 4. Qc2 d5 5. a3 Be7 6. Nf3 b6 7. cxd5 exd5 8. Bg5 0-0 9. g3 Bb7 10. Bg2 Ne4 11. Bxe7 Qxe7 12. Ne5 Nxc3 13. bxc3 Re8 14. 0-0 c6 15. e3 f6 16. Nd3 Ba6 17. Rfc1 Qd6 18. Nb2 b5 19. Nd3 Nd7 20. Nf4 Nb6 21. Bf1 Re7 22. Bd3 g5 23. Ng2 Bc8 24. Re1 Bh3 25. e4 Rae8 26. f3 a6 27. Ne3 Bc8 28. Kf2 Kh8 29. exd5 c5 30. Nf5 Bxf5 31. Bxf5 cxd4 32. Rxe7 Qxe7 33. Be6 Qc5 34. Kg2 dxc3 35. Qf5 Kg7 36. Rc1 Qxa3 37. Rc2 Nc4 38. Qd3 Rd8 39. Rxc3 Qb2+ 40. Kh3 h5 41. Rc2 g4+ 42. Kh4 Qe5 43. Qf5 Qxf5 44. Bxf5 Rxd5 45. fxg4 hxg4 46. Bc8 Kg6 47. Re2 Ne5 48. Bxa6 f5 0-1

[Event "Belgrade op"]
[Site "Belgrade"]
[Date "1989.??.??"]
[Round "7"]
[White "Nikolin, Zorica"]
[Black "Simic, Milan"]
[Result "1/2-1/2"]
[WhiteElo "2225"]
[BlackElo "2210"]
[PlyCount "53"]
[EventDate "1989.11.??"]
[EventType "swiss"]
[EventRounds "9"]
[EventCountry "YUG"]
[SourceTitle "EXT 1997"]
[Source "ChessBase"]
[SourceDate "1996.11.15"]
[SourceVersion "1"]
[SourceVersionDate "1996.11.15"]
[SourceQuality "1"]

1. e4 g6 2. d4 Bg7 3. Nc3 c6 4. Bc4 d5 5. exd5 b5 6. Bb3 b4 7. Na4 cxd5 8. a3 bxa3 9. Rxa3 Nf6 10. Nf3 0-0 11. 0-0 Nc6 12. Ne5 Na5 13. Nc5 Nxb3 14. Nxb3 Ne4 15. f3 Nd6 16. Nc5 Nc4 17. Nxc4 dxc4 18. c3 Qd5 19. Be3 Rd8 20. Qe2 e5 21. dxe5 Qxe5 22. Qf2 Qd5 23. Na6 Qd6 24. Bc5 Qd7 25. Nb4 a6 26. Bb6 Re8 27. Qc5 1/2-1/2

[Event "Bad Mergentheim op"]
[Site "Bad Mergentheim"]
[Date "1988.??.??"]
[Round "?"]
[White "Simic, Milan"]
[Black "Mainka, Gregor"]
[Result "1-0"]
[WhiteElo "2205"]
[BlackElo "2260"]
[PlyCount "81"]
[EventDate "1988.??.??"]
[EventType "swiss"]
[EventRounds "9"]
[EventCountry "GER"]
[SourceTitle "EXT 2001"]
[Source "ChessBase"]
[SourceDate "2000.11.22"]
[SourceVersion "1"]
[SourceVersionDate "2000.11.22"]
[SourceQuality "1"]

1. g3 g6 2. Bg2 Bg7 3. d4 Nf6 4. Nf3 0-0 5. 0-0 d6 6. b3 c5 7. c4 Nc6 8. Bb2 cxd4 9. Nxd4 Nxd4 10. Qxd4 Qa5 11. Nc3 Ng4 12. Qd2 Re8 13. h3 Ne5 14. Rfd1 Rb8 15. Nb5 Qxd2 16. Rxd2 a6 17. Nc7 Rd8 18. c5 Nc6 19. Bxg7 Kxg7 20. cxd6 exd6 21. Rxd6 Rxd6 22. Ne8+ Kf8 23. Nxd6 Bd7 24. Rd1 Be6 25. Nxb7 Rxb7 26. Bxc6 Rc7 27. Be4 Bxh3 28. Rd6 a5 29. Ra6 Rc5 30. f4 Be6 31. Kf2 Ke7 32. Ke3 h5 33. Kd4 Rb5 34. Bc6 Rb4+ 35. Kc5 Bxb3 36. axb3 Rxb3 37. Ra7+ Kf8 38. Rxf7+ Kg8 39. Bd5 Rxg3 40. f5 Kh8 41. f6 1-0